00279 a2200109 4500001000700000020000600007040001100013100002300024240005900047245005400106362000900160166987 a  cMagnum aKohan, Walter Omar10aFilosofia para criancas: na pratica escolar - v.2lpor10aFilosofia para criancas: na pratica escolar - v.20 a1899